[Event "Sri Lanka Women's National B Chess Championship 20"]
[Site "SLIIT, Malabe"]
[Date "2015.06.27"]
[Round "8"]
[Board "15"]
[White "Tharuki, A V G Irushi"]
[Black "Rodrigo, T M Janudi"]
[Result "0-1"]
[WhiteElo "1192"]
[BlackElo "1421"]
[PlyCount "120"]
[EventDate "2015.05.19"]
[EventRounds "10"]
[EventCountry "SRI"]

1. e4 d5 2. exd5 Qxd5 3. Nc3 Qa5 4. Nf3 Nf6 5. Bc4 e6 6. O-O c6 7. d3 Bd6 8.
Re1 Qc7 9. d4 O-O 10. Bg5 Nbd7 11. h3 b5 12. Bd3 h6 13. Bd2 Bb7 14. Ne2 a6 15.
c4 c5 16. cxb5 Bxf3 17. gxf3 Qb7 18. Nc3 cxd4 19. bxa6 Qxb2 20. Rb1 Qa3 21. Nb5
Qxd3 22. Nxd6 Qxa6 23. Bb4 e5 24. Nf5 Rfe8 25. a3 Nd5 26. Ng3 N7b6 27. Ne4 Nc4
28. Rb3 Qg6+ 29. Kh2 Qe6 30. Rg1 Na5 31. Rb2 Nf4 32. Rg3 Red8 33. Nc5 Qd5 34.
Ne4 Kh8 35. Be7 Rdb8 36. Rxb8+ Rxb8 37. Bb4 Nc4 38. Nd2 Nd3 39. Qb3 Nxb4 40.
axb4 Nb6 41. Qb1 Na4 42. Rg1 Qd6 43. Qb3 Qxb4 44. Qxf7 Qf8 45. Qd5 Qf4+ 46. Kh1
Qxd2 47. Qf7 Rg8 48. Rf1 Qg5 49. Qd5 Nc3 50. Qc6 Rf8 51. Rg1 Qf6 52. Qxf6 Rxf6
53. Kg2 Rg6+ 54. Kf1 Rxg1+ 55. Kxg1 d3 56. Kg2 d2 57. Kg3 d1=Q 58. Kg2 Ne2 59.
h4 Qg1+ 60. Kh3 Nf4# 0-1

[Event "Sri Lanka Women's National B Chess Championship 20"]
[Site "SLIIT, Malabe"]
[Date "2015.06.27"]
[Round "8"]
[Board "16"]
[White "Herath, H M A"]
[Black "Waduge, T S H A"]
[Result "1/2-1/2"]
[WhiteElo "1282"]
[BlackElo "1208"]
[PlyCount "115"]
[EventDate "2015.05.19"]
[EventRounds "10"]
[EventCountry "SRI"]

1. e4 c5 2. Nf3 Nc6 3. d4 cxd4 4. Nxd4 g6 5. Nc3 Bg7 6. Be3 Nf6 7. Qd2 O-O 8.
Be2 d5 9. f3 dxe4 10. fxe4 Nxe4 11. Nxc6 Qxd2+ 12. Bxd2 bxc6 13. Nxe4 Bxb2 14.
Rb1 Bg7 15. Ng3 Be6 16. c4 Rfd8 17. Be3 Bd4 18. Bf2 Bc3+ 19. Kf1 Rd7 20. Rc1
Bg7 21. Be3 Rb8 22. Kf2 Rb2 23. a3 Ra2 24. Rhd1 Rxd1 25. Rxd1 h6 26. Bxa7 Bxc4
27. Kf1 Bxe2+ 28. Nxe2 Rxa3 29. Bc5 Ra8 30. Bxe7 Rc8 31. Nd4 c5 32. Nb3 c4 33.
Nc5 Bf8 34. Bxf8 Kxf8 35. Ne4 Ke7 36. Rc1 Ke6 37. Ke2 Ke5 38. Ke3 f5 39. Nc3 g5
40. g3 Rd8 41. Nb5 Rd3+ 42. Ke2 Kd5 43. Nc3+ Kc5 44. Na2 f4 45. Nc3 Re3+ 46.
Kf2 Kd4 47. Ne2+ Kd3 48. Rd1+ Kc2 49. Rc1+ Kd2 50. Rxc4 Rxe2+ 51. Kf3 fxg3 52.
Kxg3 Re6 53. h4 Kd3 54. Ra4 gxh4+ 55. Kxh4 Ke3 56. Kh5 Kf3 57. Ra8 Kf4 58. Rf8+
 1/2-1/2

[Event "Sri Lanka Women's National B Chess Championship 20"]
[Site "SLIIT, Malabe"]
[Date "2015.06.27"]
[Round "8"]
[Board "17"]
[White "Athukorala, Shavindi Uddeepana"]
[Black "Subasinghe, S M T D"]
[Result "1-0"]
[WhiteElo "1331"]
[BlackElo "1044"]
[PlyCount "85"]
[EventDate "2015.05.19"]
[EventRounds "10"]
[EventCountry "SRI"]

1. d4 d5 2. c4 c6 3. e3 e6 4. Nc3 a6 5. Nf3 Nf6 6. Bd3 dxc4 7. Bxc4 b5 8. Bb3
Nbd7 9. Bd2 Bb7 10. Rc1 Rc8 11. a3 c5 12. dxc5 Nxc5 13. Bc2 Qd7 14. Qe2 Rd8 15.
Rd1 Nfe4 16. Nxe4 Nxe4 17. Ba5 Nc3 18. bxc3 Bd6 19. Bxd8 Qxd8 20. Qd3 Qc7 21.
Qxd6 Qxd6 22. Rxd6 O-O 23. Ke2 Rc8 24. Rhd1 g6 25. Rd8+ Rxd8 26. Rxd8+ Kg7 27.
Ne5 Kf6 28. f4 Bxg2 29. Rd7 Kg7 30. Rxf7+ Kg8 31. Bb3 Bh3 32. c4 bxc4 33. Bxc4
a5 34. Ra7 a4 35. Rxa4 Bf5 36. Rb4 Kf8 37. a4 Ke8 38. a5 Kf8 39. a6 Ke7 40. Bb3
Kf6 41. e4 Bh3 42. Rb7 h6 43. Rf7# 1-0

[Event "Sri Lanka Women's National B Chess Championship 20"]
[Site "SLIIT, Malabe"]
[Date "2015.06.28"]
[Round "9"]
[Board "4"]
[White "De Silva, Chamindra"]
[Black "Rajapaksa, Miyuni Kavinya"]
[Result "1/2-1/2"]
[WhiteElo "1509"]
[BlackElo "1583"]
[PlyCount "37"]
[EventDate "2015.05.19"]
[EventRounds "10"]
[EventCountry "SRI"]

1. e4 c5 2. Nf3 Nc6 3. d4 cxd4 4. Nxd4 g6 5. Nc3 Bg7 6. Be3 Nf6 7. Bc4 Qa5 8.
O-O O-O 9. Bb3 d6 10. h3 Bd7 11. f4 Nxd4 12. Bxd4 Bc6 13. Qd3 Rad8 14. f5 Kh8
15. Qe3 Nd7 16. Rf2 Bxd4 17. Qxd4+ Qe5 18. Qxe5+ Nxe5 19. Raf1 1/2-1/2

[Event "Sri Lanka Women's National B Chess Championship 20"]
[Site "SLIIT, Malabe"]
[Date "2015.06.28"]
[Round "9"]
[Board "5"]
[White "Abeysinghe, H M H Janandani"]
[Black "Nonis, P A R R"]
[Result "1-0"]
[WhiteElo "1444"]
[BlackElo "1488"]
[PlyCount "139"]
[EventDate "2015.05.19"]
[EventRounds "10"]
[EventCountry "SRI"]

1. e4 c5 2. Nf3 d6 3. d4 cxd4 4. Nxd4 Nf6 5. Nc3 g6 6. f3 Bg7 7. Be3 Nc6 8. Qd2
Bd7 9. Bc4 O-O 10. Bb3 Qa5 11. Nde2 Rfc8 12. Bh6 Bh8 13. O-O-O Ne5 14. Kb1 Rc5
15. Nd5 Nxd5 16. Qxa5 Rxa5 17. Rxd5 Rxd5 18. Bxd5 Bc6 19. Bxc6 bxc6 20. Bf4 Nc4
21. c3 Rb8 22. b3 Na3+ 23. Kb2 Nb5 24. Be3 c5 25. Kc2 Na3+ 26. Kd3 Nb5 27. c4
Nc7 28. Bd2 Na6 29. Bc3 Nb4+ 30. Bxb4 Rxb4 31. Kc2 a6 32. Rb1 a5 33. a3 Rb7 34.
Nc3 Bxc3 35. Kxc3 Kg7 36. b4 axb4+ 37. axb4 cxb4+ 38. Rxb4 Rc7 39. Rb5 Kf6 40.
Kd4 Ke6 41. c5 dxc5+ 42. Rxc5 Rxc5 43. Kxc5 Ke5 44. Kc4 f5 45. Kd3 fxe4+ 46.
fxe4 g5 47. Ke3 h5 48. h3 h4 49. Kf3 Kd4 50. Kg4 Kxe4 51. Kxg5 e5 52. Kxh4 Kd5
53. g4 e4 54. Kg3 Kd4 55. Kf2 e3+ 56. Ke2 Ke4 57. h4 Kf4 58. g5 Kf5 59. Kxe3
Kg6 60. Kf4 Kg7 61. h5 Kh7 62. Kf5 Kg7 63. g6 Kg8 64. h6 Kf8 65. Kf6 Kg8 66. g7
Kh7 67. Kf7 Kxh6 68. g8=Q Kh5 69. Qg3 Kh6 70. Qg6# 1-0

[Event "Sri Lanka Women's National B Chess Championship 20"]
[Site "SLIIT, Malabe"]
[Date "2015.06.28"]
[Round "9"]
[Board "6"]
[White "Jayaweera, Sayuni Gihansa"]
[Black "Kodikara, K K M Sachintha"]
[Result "1-0"]
[WhiteElo "1437"]
[BlackElo "1474"]
[PlyCount "105"]
[EventDate "2015.05.19"]
[EventRounds "10"]
[EventCountry "SRI"]

1. d4 d5 2. c4 c6 3. Nf3 Nf6 4. g3 a6 5. a4 Bf5 6. c5 Nbd7 7. Qb3 Ra7 8. Nc3 e6
9. a5 Be7 10. Bg2 O-O 11. O-O h6 12. Bf4 Nh5 13. Bd2 Re8 14. Na4 Bf8 15. Nb6
Nhf6 16. Bf4 Bg4 17. Rfe1 Bxf3 18. exf3 e5 19. dxe5 Nxc5 20. Qc2 Nfd7 21. Be3
d4 22. Bxd4 Ne6 23. Be3 c5 24. Red1 Re7 25. Rd2 Qc7 26. Nd5 Qc8 27. Nxe7+ Bxe7
28. f4 Ra8 29. Rc1 Nb8 30. Qb3 Nc6 31. Bxc6 Qxc6 32. Qd5 Qb5 33. Qd7 Bf8 34.
Qxb5 axb5 35. Rd7 Rb8 36. f5 Ng5 37. Bxg5 hxg5 38. e6 fxe6 39. fxe6 Re8 40. Re1
Kh7 41. e7 Bxe7 42. Rexe7 Rxe7 43. Rxe7 b4 44. Rxb7 c4 45. Rxb4 c3 46. bxc3 g4
47. a6 g5 48. a7 Kh6 49. a8=Q Kh5 50. Qe8+ Kh6 51. Rb6+ Kh7 52. Qf7+ Kh8 53.
Rb8# 1-0

[Event "Sri Lanka Women's National B Chess Championship 20"]
[Site "SLIIT, Malabe"]
[Date "2015.06.28"]
[Round "9"]
[Board "7"]
[White "Udupitiya, U G S S S"]
[Black "Sarathchandra, Thihansa Dewwan"]
[Result "1-0"]
[WhiteElo "1701"]
[BlackElo "1338"]
[PlyCount "69"]
[EventDate "2015.05.19"]
[EventRounds "10"]
[EventCountry "SRI"]

1. e4 c5 2. Nf3 d6 3. d4 cxd4 4. Nxd4 Nf6 5. Nc3 g6 6. f3 Bg7 7. Be3 O-O 8. Qd2
Nc6 9. O-O-O d5 10. Qe1 Qa5 11. Nb3 Qd8 12. Nxd5 Nxd5 13. exd5 Ne5 14. Be2 Qc7
15. g4 Nc4 16. Bxc4 Qxc4 17. Kb1 b6 18. h4 Bb7 19. h5 Bf6 20. g5 Bg7 21. Bd4
Qc7 22. Qh4 Rfc8 23. Rd2 e6 24. Bxg7 Kxg7 25. hxg6 f5 26. Qxh7+ Kf8 27. Qh8+
Ke7 28. d6+ Qxd6 29. Qf6+ Kd7 30. Rxd6+ Kxd6 31. Rd1+ Kc7 32. Qe5+ Kc6 33. Qd6+
Kb5 34. Nd4+ Ka5 35. Qa3# 1-0

[Event "Sri Lanka Women's National B Chess Championship 20"]
[Site "SLIIT, Malabe"]
[Date "2015.06.28"]
[Round "9"]
[Board "8"]
[White "Yapa Bandara, Chamodya"]
[Black "Udagedara, Sandali Kanishka"]
[Result "0-1"]
[WhiteElo "1460"]
[BlackElo "1492"]
[PlyCount "73"]
[EventDate "2015.05.19"]
[EventRounds "10"]
[EventCountry "SRI"]

1. e4 d5 2. exd5 Qxd5 3. Nc3 Qd6 4. d4 Nf6 5. Bc4 e6 6. Nf3 Be7 7. O-O c6 8. a4
Nbd7 9. a5 O-O 10. Re1 b6 11. axb6 Nxb6 12. Bb3 Rd8 13. Bg5 Nbd5 14. Na4 Qc7
15. Bd2 Nb6 16. Nxb6 Qxb6 17. Ba5 Qb7 18. Bxd8 Bxd8 19. Ne5 Be7 20. Qf3 Bd7 21.
Ra2 Be8 22. c4 Rb8 23. Bc2 Qb6 24. Qd3 c5 25. d5 exd5 26. Ng4 g6 27. Nh6+ Kg7
28. Rxe7 Kxh6 29. cxd5 Bb5 30. Qh3+ Kg7 31. Raxa7 Be8 32. Ra2 Nxd5 33. Re4 Nb4
34. Qc3+ Qf6 35. Ra3 Nxc2 36. Qxc2 Rxb2 37. Rf4 0-1

[Event "Sri Lanka Women's National B Chess Championship 20"]
[Site "SLIIT, Malabe"]
[Date "2015.06.28"]
[Round "9"]
[Board "9"]
[White "Tennakoonwela, Pamudie Sasankh"]
[Black "Tharushi, T H D Niklesha"]
[Result "0-1"]
[WhiteElo "1377"]
[BlackElo "1508"]
[PlyCount "146"]
[EventDate "2015.05.19"]
[EventRounds "10"]
[EventCountry "SRI"]

1. d4 e6 2. c4 Nf6 3. Nc3 Bb4 4. Nf3 b6 5. g3 Bxc3+ 6. bxc3 Nc6 7. Bg2 Na5 8.
Nd2 Rb8 9. O-O Ba6 10. Qa4 O-O 11. Re1 Qe8 12. c5 d5 13. Qa3 Bb5 14. e4 dxe4
15. Nxe4 Nxe4 16. Bxe4 a6 17. cxb6 cxb6 18. Qb2 Qd7 19. Qc2 h6 20. Bh7+ Kh8 21.
Bd3 Bxd3 22. Qxd3 Qc6 23. Bf4 Rbc8 24. Rec1 Nc4 25. Qe2 Qd5 26. Rab1 Rc6 27.
Rb3 Rfc8 28. Qd3 g5 29. Be3 Ne5 30. Qxa6 Nf3+ 31. Kf1 Nxh2+ 32. Kg1 Nf3+ 33.
Kf1 Nh2+ 34. Kg1 Ng4 35. Qe2 Nf6 36. Rb5 Qe4 37. f3 Qg6 38. c4 Nd5 39. c5 Qf6
40. Kg2 e5 41. Qd3 Nxe3+ 42. Qxe3 exd4 43. Qb3 bxc5 44. Rc4 Qe6 45. Qc2 Ra8 46.
a4 Re8 47. Rbxc5 Rxc5 48. Rxc5 Qe2+ 49. Qxe2 Rxe2+ 50. Kf1 Ra2 51. Rc4 d3 52.
Ke1 Kg7 53. Rc3 Rxa4 54. Rxd3 Ra2 55. Rd2 Rxd2 56. Kxd2 f5 57. Ke2 h5 58. Kf2
Kf6 59. Ke2 Ke5 60. Ke3 f4+ 61. Kf2 fxg3+ 62. Kxg3 Kf5 63. Kf2 Kf4 64. Kg2 h4
65. Kf2 h3 66. Kf1 Kxf3 67. Kg1 g4 68. Kh2 g3+ 69. Kg1 g2 70. Kh2 Kf2 71. Kxh3
g1=Q 72. Kh4 Qg6 73. Kh3 Qg3# 0-1

[Event "Sri Lanka Women's National B Chess Championship 20"]
[Site "SLIIT, Malabe"]
[Date "2015.06.28"]
[Round "9"]
[Board "10"]
[White "Pasqual, Anuki"]
[Black "Dissanayake, R K Janani"]
[Result "1-0"]
[WhiteElo "1423"]
[BlackElo "1224"]
[PlyCount "47"]
[EventDate "2015.05.19"]
[EventRounds "10"]
[EventCountry "SRI"]

1. e4 c5 2. Nc3 d6 3. f4 g6 4. Nf3 Bg7 5. Bc4 Nc6 6. O-O e6 7. d3 Nge7 8. Qe1
O-O 9. Qh4 f6 10. f5 gxf5 11. Bh6 Ng6 12. Qh5 fxe4 13. Nxe4 d5 14. Bxg7 Kxg7
15. Neg5 fxg5 16. Nxg5 Rh8 17. Rf7+ Kg8 18. Rxh7 Nce7 19. Rxh8+ Nxh8 20. Qh7+
Kf8 21. Qxh8+ Ng8 22. Rf1+ Ke7 23. Qg7+ Ke8 24. Qf7# 1-0

[Event "Sri Lanka Women's National B Chess Championship 20"]
[Site "SLIIT, Malabe"]
[Date "2015.06.28"]
[Round "9"]
[Board "11"]
[White "Thuduwage, Yasasirini Pabasara"]
[Black "Wijesuriya, G P Y"]
[Result "1-0"]
[WhiteElo "1373"]
[BlackElo "1408"]
[PlyCount "120"]
[EventDate "2015.05.19"]
[EventRounds "10"]
[EventCountry "SRI"]

1. d4 d5 2. c4 e6 3. Nc3 Nf6 4. Bg5 c6 5. Nf3 Nbd7 6. e3 Be7 7. Bd3 dxc4 8.
Bxc4 b5 9. Bd3 O-O 10. O-O Bb7 11. e4 b4 12. Ne2 c5 13. e5 Nd5 14. Bxe7 Qxe7
15. Qc2 h6 16. Rac1 cxd4 17. Nexd4 Nf4 18. Be4 Rac8 19. Qb1 Nd5 20. Nb5 Ba6 21.
Nxa7 Rxc1 22. Rxc1 Nc5 23. Nc6 Qd7 24. Rxc5 Rc8 25. Bxd5 exd5 26. Qc1 Kh8 27.
h3 Bc4 28. Nfd4 Qb7 29. b3 Qb6 30. Ra5 Bxb3 31. Rb5 Rxc6 32. Nxc6 Qxb5 33. axb3
Qd3 34. Nxb4 Qxb3 35. Qd2 Qb1+ 36. Kh2 Qe4 37. Nc6 d4 38. Nxd4 Qxe5+ 39. Kh1
Qf6 40. Nf3 Qa1+ 41. Kh2 Qf6 42. Qe3 Qd6+ 43. Qe5 Qd7 44. Nh4 Qc6 45. Nf5 Qg6
46. Qe8+ Kh7 47. Ne7 h5 48. Nxg6 Kxg6 49. g4 hxg4 50. hxg4 Kh7 51. f4 g6 52.
Qe7 Kg7 53. Qe5+ Kh7 54. g5 Kg8 55. f5 gxf5 56. Qxf5 Kg7 57. Qf6+ Kg8 58. g6
fxg6 59. Qxg6+ Kh8 60. Qb6 Kg7 1-0

[Event "Sri Lanka Women's National B Chess Championship 20"]
[Site "SLIIT, Malabe"]
[Date "2015.06.28"]
[Round "9"]
[Board "14"]
[White "Hewawasam, Nevanjee Dimanya"]
[Black "Sarathchandra, Gihansa M"]
[Result "0-1"]
[WhiteElo "1277"]
[BlackElo "1297"]
[PlyCount "66"]
[EventDate "2015.05.19"]
[EventRounds "10"]
[EventCountry "SRI"]

1. e4 d5 2. exd5 Qxd5 3. Nc3 Qa5 4. Bc4 Bf5 5. d4 c6 6. Nf3 e6 7. Bd2 Nf6 8.
Bb3 Qc7 9. Qe2 Bd6 10. O-O-O Nbd7 11. h3 O-O-O 12. Rhe1 h6 13. Kb1 Kb8 14. Ka1
Ka8 15. Rc1 Rhf8 16. Nd1 Ne4 17. c4 Nxd2 18. Nxd2 Bb4 19. Nc3 Rfe8 20. c5 Nf6
21. Qc4 Bxc3 22. bxc3 Qf4 23. Nf3 Ne4 24. Ne5 Nd2 25. Qa4 Nxb3+ 26. Qxb3 f6 27.
Nf7 Rb8 28. Nd6 Re7 29. Qa4 Qxf2 30. Nc4 a6 31. Nb6+ Ka7 32. Qc4 Qg3 33. Rcd1
Rd7 {(Unclear Recording)} 0-1

[Event "Sri Lanka Women's National B Chess Championship 20"]
[Site "SLIIT, Malabe"]
[Date "2015.06.28"]
[Round "9"]
[Board "15"]
[White "Waduge, T S H A"]
[Black "Herath, Sanduni"]
[Result "1-0"]
[WhiteElo "1208"]
[BlackElo "1225"]
[PlyCount "149"]
[EventDate "2015.05.19"]
[EventRounds "10"]
[EventCountry "SRI"]

1. d4 d5 2. c4 c6 3. cxd5 cxd5 4. Nc3 Nf6 5. Nf3 e6 6. Bg5 Nbd7 7. e3 Bd6 8.
Be2 h6 9. Bh4 O-O 10. O-O b6 11. a3 Bb7 12. b4 Re8 13. Rc1 Rc8 14. Qb3 Qe7 15.
Nb5 Bb8 16. a4 a6 17. Nc3 Bd6 18. b5 a5 19. Nb1 e5 20. dxe5 Nxe5 21. Nd4 Bc5
22. Rfd1 Red8 23. h3 Ba8 24. Bxf6 Qxf6 25. Nc3 Qe7 26. Nb1 g6 27. Rc2 Bb7 28.
Nd2 Bxd4 29. exd4 Nd7 30. Nf3 Rxc2 31. Qxc2 Rc8 32. Qd2 Kg7 33. Rb1 Rc7 34. Ne1
Nf6 35. Bf3 Bc8 36. Rc1 Bf5 37. Rxc7 Qxc7 38. Bd1 Ne4 39. Qb2 Qc3 40. Qxc3 Nxc3
41. Bb3 Ne2+ 42. Kf1 Nxd4 43. Bxd5 Be6 44. Bxe6 Nxe6 45. Nd3 Kf6 46. Ke2 Nc7
47. Ke3 Ke6 48. Ke4 Kf6 49. Ne5 Ke6 50. g4 Nd5 51. Kd4 g5 52. Nxf7 Nb4 53. Nxh6
Kf6 54. Nf5 Ke6 55. h4 gxh4 56. Nxh4 Kf6 57. f4 Kg7 58. Nf5+ Kf6 59. Nd6 Ke6
60. Nc4 Kd7 61. Nxb6+ Kc7 62. Nd5+ Nxd5 63. Kxd5 Kd7 64. b6 Kc8 65. g5 Kb7 66.
g6 Ka6 67. g7 Kb7 68. g8=Q Ka6 69. Qa8+ Kxb6 70. Qc6+ Ka7 71. Qd6 Kb7 72. Kc5
Ka8 73. Qd7 Kb8 74. Kb6 Ka8 75. Qb7# 1-0

[Event "Sri Lanka Women's National B Chess Championship 20"]
[Site "SLIIT, Malabe"]
[Date "2015.06.28"]
[Round "9"]
[Board "17"]
[White "Weerasinghe, Asani Sankalpana"]
[Black "Tharuki, A V G Irushi"]
[Result "0-1"]
[WhiteElo "1177"]
[BlackElo "1192"]
[PlyCount "124"]
[EventDate "2015.05.19"]
[EventRounds "10"]
[EventCountry "SRI"]

1. e4 e6 2. d4 d5 3. exd5 exd5 4. c4 c6 5. Nc3 Nf6 6. a3 Be7 7. Be2 O-O 8. Nf3
Re8 9. O-O Be6 10. c5 Qc7 11. b4 h6 12. Ne5 Nbd7 13. f4 Rad8 14. Bb2 Ne4 15. f5
Nxe5 16. dxe5 Bc8 17. Nxe4 dxe4 18. Qb3 Bf8 19. Bh5 Rd3 20. Qc4 Red8 21. Qxe4
Qe7 22. f6 gxf6 23. Rxf6 Be6 24. Bg4 Bg7 25. Rxe6 fxe6 26. Qg6 Rd2 27. Bc3 R2d3
28. Bxe6+ Kh8 29. Bf5 Rd1+ 30. Rxd1 Rxd1+ 31. Kf2 Kg8 32. e6 Kf8 33. Bxg7+ Qxg7
34. Qxg7+ Kxg7 35. Bg4 Rd3 36. Bh5 Kf6 37. Bf7 Rxa3 38. g4 Ke7 39. h4 Rh3 40.
h5 b6 41. Kg2 Rd3 42. g5 hxg5 43. h6 Rd8 44. h7 Rh8 45. cxb6 axb6 46. Bg8 c5
47. Kf3 c4 48. Bf7 Rxh7 49. Bg6 Rg7 50. Bf5 c3 51. Kg4 Kf6 52. Bc2 Kxe6 53.
Bb3+ Ke5 54. Bc2 Kd4 55. Bd3 Kxd3 56. Kf3 g4+ 57. Kf2 c2 58. Kg3 c1=Q 59. Kh4
Qh1+ 60. Kg3 Qf3+ 61. Kh2 Rh7+ 62. Kg1 Rh1# 0-1

[Event "Sri Lanka Women's National B Chess Championship 20"]
[Site "SLIIT, Malabe"]
[Date "2015.06.28"]
[Round "9"]
[Board "18"]
[White "Subasinghe, S M T D"]
[Black "Herath, H M A"]
[Result "0-1"]
[WhiteElo "1044"]
[BlackElo "1282"]
[PlyCount "101"]
[EventDate "2015.05.19"]
[EventRounds "10"]
[EventCountry "SRI"]

1. e4 c5 2. Nf3 Nc6 3. d4 cxd4 4. Nxd4 Nf6 5. Nc3 e6 6. Be2 d5 7. exd5 Nxd5 8.
Nxd5 exd5 9. Bb5 Bd7 10. Bxc6 Bxc6 11. Nxc6 bxc6 12. O-O Be7 13. Re1 O-O 14.
Re2 Bf6 15. Rb1 Re8 16. Bd2 Qd7 17. Qe1 Rxe2 18. Qxe2 Re8 19. Qd3 Qe6 20. Qe3
Qxe3 21. Bxe3 d4 22. Bd2 c5 23. Kf1 Kf8 24. Re1 Rxe1+ 25. Kxe1 Ke8 26. Ke2 Kd7
27. Kd3 Kd6 28. c3 Kd5 29. c4+ Kc6 30. b4 a6 31. a3 Be7 32. bxc5 Bxc5 33. Bb4
Bb6 34. c5 Bxc5 35. Bxc5 Kxc5 36. f3 Kb5 37. Kxd4 Ka4 38. Kc5 Kxa3 39. Kb6 Kb3
40. Kxa6 Kc3 41. Kb7 Kd3 42. Kc7 Ke2 43. f4 Kf2 44. g3 Kg2 45. Kd7 Kxh2 46. g4
Kg3 47. Ke7 Kxg4 48. Kxf7 Kxf4 49. Kxg7 h5 50. Kg6 h4 51. Kg7 0-1